| 000 | 00595nam a2200193 i 4500 | ||
|---|---|---|---|
| 001 | 186577 | ||
| 003 | ES-MaACL | ||
| 005 | 20250804225217.0 | ||
| 008 | 161130s2016 sp |||| | spa d | ||
| 080 | _a347.238 | ||
| 100 | 1 |
_aLluís y Navas, Jaime. _972976 |
|
| 245 | 1 | 4 |
_aLas colectividades de derecho civil y el derecho social / _cJaime Lluís y Navas. |
| 260 |
_aBarcelona : _b[J. Lluís y Navas], _c2016. |
||
| 300 |
_a29 p. ; _c21 cm. |
||
| 594 | _aDatos tomados de cub. | ||
| 650 | 7 |
_aComunidad de bienes _2embne _9161388 |
|
| 852 |
_aES-MaACL _j2333-F-17 |
||
| 999 |
_c186577 _d186577 |
||